000 00976cab a2200241 4500
001 ABS52304
008 090401t1995 xxu||||| |||| 00| 0 eng d
035 _a(Sirsi) u72075
041 _aeng
100 _aColbey, R.
245 4 _aThe need to consult sureties when rent is reviewed
260 _c1995
350 _a0
490 _aRent Review & Lease Renewal
_v15(1) 1995, 7-9(3)
520 _aConsiders who needs to be considered and how when a lease states that a reviewed rent can be determined by agreement between `all parties to the lease`. Discusses what the effect of a rent review is to which the sureties had not been party and whether this makes the agreement valid between the landlord and tenant. Examines case law.
650 _aAVERBRIAN LIMITED V WILLMALIGHT LIMITED AND OTHERS
650 _aCRESSEY V JACOBS
650 _aRENT REVIEWS
650 _aSURETIES
690 _aLANDLORD AND TENANT-RENT REVIEWS
942 _n0
948 _c04/03/1997
999 _c45477
_d45477